000
00204 a2200085 4500
020
_a
9780062113580
100
_a
Francesc Zamora
245
_a
Sourcebook of Contemporary Urban Design
260
_b
Harper
_c
2012
999
_c
13670
_d
13670